| 000 | 00938cab a22002055a 4500 | ||
|---|---|---|---|
| 001 | L157208 | ||
| 008 | 120924e20120914xxk 000 0 eng d | ||
| 035 | _a(Sirsi) u157208 | ||
| 041 | 0 | _aeng | |
| 100 | 1 | _aEade, Christine | |
| 245 | 0 | 0 |
_aMarkets _bThames Valley and Swindon |
| 260 | _c2012 | ||
| 490 | 0 |
_aProperty Week _v78(37) 14 September 2012, 41-53(7) |
|
| 520 | _aSmiths News has taken a 12 year lease on Rowan, the former National Trust Headquarters in Swindon. TA Fisher is launching an appeal against Bracknell Forest Council's refusal to allow the conversion of empty office building Beneficial House into a hotel. Maidenhead has two speculative office schemes Tor and Point under construction. Brunel shopping centre in Swindon is currently being managed by Law of Property Act (LPA) receivers. | ||
| 590 | _aKA | ||
| 651 | 4 | _aThames Valley | |
| 651 | 4 | _aSwindon | |
| 690 |
_aCommercial property _96227 |
||
| 942 | _n0 | ||
| 999 |
_c84299 _d84299 |
||